[Event "BL 1415 SSC Rostock - SV Hockenheim"]
[Site "?"]
[Date "2015.03.15"]
[Round "13.7"]
[White "Rau, Hannes"]
[Black "Skibbe, Willi"]
[Result "1-0"]
[WhiteElo "2455"]
[BlackElo "2286"]
[PlyCount "157"]
[EventDate "2015.??.??"]

1. c4 c5 2. Nf3 Nc6 3. Nc3 e5 4. e3 f5 5. d4 e4 6. d5 exf3 7. dxc6 dxc6 8.
Qxd8+ Kxd8 9. gxf3 Be6 10. b3 Nf6 11. Bb2 Bd6 12. O-O-O Ke7 13. Bd3 Rhd8 14. f4
Rd7 15. Kc2 Rad8 16. f3 Kf8 17. Ne2 Ng8 18. h4 Be7 19. Ng3 g6 20. e4 Bf6 21.
Ba3 b6 22. exf5 gxf5 23. Bxf5 Rxd1 24. Rxd1 Rxd1 25. Kxd1 Bxh4 26. Bxe6 Bxg3
27. Bc1 Nf6 28. Bf5 h5 29. Ke2 h4 30. Bg4 Nxg4 31. fxg4 h3 32. Kf3 h2 33. Kg2
Kf7 34. a4 a6 35. Bd2 Kf6 36. Bc3+ Kf7 37. f5 Bf4 38. Be1 Kg7 39. Bh4 Kh6 40.
Be7 Be5 41. g5+ Kg7 42. g6 Bc7 43. a5 b5 44. Bxc5 Be5 45. Be7 bxc4 46. bxc4 Bc7
47. Kh1 Bf4 48. c5 Be5 49. Kg2 Bc7 50. Bd6 Bxa5 51. Bxh2 Bc3 52. Kf3 a5 53. Ke4
a4 54. Kd3 Ba1 55. Bd6 Kf6 56. Bf8 a3 57. Kc2 Bb2 58. Kb1 Bd4 59. Ka2 Bb2 60.
Bh6 Bd4 61. Kb3 Bxc5 62. Bg5+ Kg7 63. Bd2 Bf8 64. Bc3+ Kh6 65. Bf6 Bd6 66. g7
Kh7 67. Bc3 Kg8 68. f6 Kf7 69. Bd4 Kg8 70. Kc4 Kf7 71. Bc3 Kg8 72. Kd4 Kf7 73.
Ke4 Bc5 74. Kf5 Be3 75. g8=Q+ Kxg8 76. Kg6 Kf8 77. f7 Bh6 78. Bb4+ c5 79. Bxc5#
1-0

[Event "BL 1415 SSC Rostock - SV Hockenheim"]
[Site "?"]
[Date "2015.03.15"]
[Round "13.8"]
[White "Weber, Max"]
[Black "Boguslavskyy, Oleg"]
[Result "0-1"]
[WhiteElo "2167"]
[BlackElo "2447"]
[PlyCount "62"]
[EventDate "2015.??.??"]

1. Nf3 d5 2. c4 c6 3. e3 Nf6 4. Nc3 a6 5. b3 Bg4 6. Bb2 e5 7. h3 Bxf3 8. Qxf3
Bb4 9. a3 Ba5 10. b4 Bc7 11. d3 O-O 12. Be2 Re8 13. e4 d4 14. Nb1 a5 15. O-O
axb4 16. Nd2 bxa3 17. Rxa3 Rxa3 18. Bxa3 Na6 19. Nb3 Bd6 20. Bc1 Qb6 21. Bd1
Nd7 22. Qf5 Ndc5 23. Nxc5 Nxc5 24. Bc2 Qc7 25. h4 Qd7 26. Qg5 b5 27. cxb5 cxb5
28. Bd2 Rc8 29. Rc1 Ne6 30. Qg4 Ba3 31. Ra1 Bb2 0-1

[Event "BL 1415 OSG Baden Baden - Hamburger SK"]
[Site "?"]
[Date "2015.04.11"]
[Round "14.3"]
[White "Svane, Rasmus"]
[Black "Shirov, Alexei"]
[Result "0-1"]
[WhiteElo "2513"]
[BlackElo "2691"]
[PlyCount "80"]
[EventDate "2015.??.??"]

1. d4 d5 2. c4 c6 3. Nc3 Nf6 4. cxd5 cxd5 5. Bf4 Nc6 6. e3 Bf5 7. Qb3 Na5 8.
Qa4+ Bd7 9. Qc2 Rc8 10. Bd3 b5 11. a3 g6 12. Nf3 Bg7 13. O-O O-O 14. Ne5 Nh5
15. Bg5 Be6 16. Nf3 h6 17. Bh4 g5 18. Bg3 Nxg3 19. fxg3 Nc4 20. Qe2 Qa5 21.
Rfc1 Rc7 22. Nd2 Qb6 23. Nb3 Rfc8 24. Nc5 Nxb2 25. Nxb5 Rxc5 26. Rxc5 Rxc5 27.
dxc5 Qxc5 28. Rb1 a6 29. Nd4 Bxd4 30. exd4 Qxd4+ 31. Qf2 Qxf2+ 32. Kxf2 Nxd3+
33. Ke3 Ne5 34. Kd4 Nc4 35. a4 f6 36. Rb8+ Kf7 37. Ra8 a5 38. Ra7 Ne5 39. Kc3
d4+ 40. Kd2 Bd5 0-1

[Event "BL 1415 OSG Baden Baden - Hamburger SK"]
[Site "?"]
[Date "2015.04.11"]
[Round "14.6"]
[White "Nisipeanu, Liviu-Dieter"]
[Black "Heinemann, Thies"]
[Result "1-0"]
[WhiteElo "2651"]
[BlackElo "2461"]
[PlyCount "87"]
[EventDate "2015.??.??"]

1. d4 Nf6 2. c4 e6 3. Nf3 b6 4. g3 Ba6 5. Qc2 Bb4+ 6. Bd2 Be7 7. e4 d5 8. cxd5
Bxf1 9. Kxf1 exd5 10. e5 Ne4 11. Nc3 Nxc3 12. bxc3 Qd7 13. Kg2 Nc6 14. c4 dxc4
15. Qxc4 Rd8 16. Rhd1 Nb8 17. Bf4 c6 18. Rac1 Qd5 19. e6 Qxc4 20. Rxc4 Bd6 21.
exf7+ Kxf7 22. d5 cxd5 23. Rxd5 Bxf4 24. Rxf4+ Ke6 25. Re5+ Kd6 26. Rd4+ Kc6
27. Rxd8 Rxd8 28. Re7 a5 29. Rxg7 Kb5 30. Rxh7 Ka4 31. Ne5 b5 32. Ra7 Rd6 33.
h4 Na6 34. Nf7 Rb6 35. h5 Nb4 36. h6 Nxa2 37. Ra8 Rxh6 38. Nxh6 b4 39. Nf5 b3
40. Ne3 Nc3 41. Rb8 Nb5 42. Nc4 Kb4 43. Nd6 a4 44. Nxb5 1-0

[Event "BL 1415 OSG Baden Baden - Hamburger SK"]
[Site "?"]
[Date "2015.04.11"]
[Round "14.7"]
[White "Carlstedt, Jonathan"]
[Black "Dautov, Rustem"]
[Result "0-1"]
[WhiteElo "2468"]
[BlackElo "2602"]
[PlyCount "94"]
[EventDate "2015.??.??"]

1. c4 c6 2. g3 d5 3. Nf3 g6 4. Bg2 Bg7 5. O-O e5 6. d3 Ne7 7. Nc3 O-O 8. cxd5
cxd5 9. Bd2 Nbc6 10. Qc1 f6 11. h4 Bg4 12. Bh6 Qd7 13. Bxg7 Kxg7 14. Kh2 Rac8
15. Qd2 d4 16. Ne4 b6 17. Ng1 h6 18. f3 Be6 19. Nf2 Nd5 20. Bh3 Bxh3 21. Ngxh3
Ncb4 22. Ng4 Rh8 23. Rfc1 Rxc1 24. Rxc1 Nxa2 25. Rg1 Nab4 26. h5 g5 27. e4 dxe3
28. Nxe3 Nxe3 29. Qxe3 Qxd3 30. Qxd3 Nxd3 31. Rd1 e4 32. fxe4 Ne5 33. Rc1 Rd8
34. Nf2 Rd2 35. Kg1 a5 36. Nd1 Ng4 37. Rc7+ Kf8 38. Nc3 Rxb2 39. Nd5 a4 40. Ra7
b5 41. Nc7 Rb4 42. Kg2 Rb2+ 43. Kg1 Ne5 44. Ne6+ Ke8 45. Rc7 a3 46. Ng7+ Kf8
47. Ne6+ Kg8 0-1

[Event "BL 1415 OSG Baden Baden - Hamburger SK"]
[Site "?"]
[Date "2015.04.11"]
[Round "14.8"]
[White "Schlosser, Philipp"]
[Black "Groetzbach, Julian"]
[Result "1-0"]
[WhiteElo "2575"]
[BlackElo "2166"]
[PlyCount "69"]
[EventDate "2015.??.??"]

1. c4 c6 2. e4 d5 3. cxd5 cxd5 4. exd5 Nf6 5. Nc3 Nbd7 6. Nf3 a6 7. d4 Nb6 8.
Ne5 Nbxd5 9. Qa4+ Bd7 10. Nxd7 Qxd7 11. Bb5 axb5 12. Qxa8+ Qd8 13. Qxb7 e6 14.
Qxb5+ Qd7 15. Qb8+ Qd8 16. Qxd8+ Kxd8 17. Bg5 Kd7 18. Bxf6 Nxf6 19. Ke2 Bd6 20.
g3 Rb8 21. Rab1 Rb4 22. Rhd1 h5 23. a3 Rb3 24. Rd3 Rb8 25. h4 Kc6 26. b4 Rb7
27. d5+ exd5 28. Nxd5 Ne4 29. Rc1+ Kd7 30. Ne3 Ke6 31. Rc6 Re7 32. Kf3 g5 33.
Nc4 g4+ 34. Kxe4 Kd7+ 35. Kd5 1-0

[Event "BL 1415 SC Eppingen - SSC Rostock"]
[Site "?"]
[Date "2015.04.11"]
[Round "14.1"]
[White "Tomczak, Jacek"]
[Black "Bogner, Sebastian"]
[Result "1-0"]
[WhiteElo "2562"]
[BlackElo "2537"]
[PlyCount "127"]
[EventDate "2015.??.??"]

1. e4 c5 2. Nf3 d6 3. d4 cxd4 4. Nxd4 Nf6 5. Nc3 a6 6. Bc4 e6 7. Bb3 b5 8. O-O
Be7 9. Qf3 Qb6 10. Be3 Qb7 11. Qg3 O-O 12. Bh6 Ne8 13. Rad1 Kh8 14. Bg5 Nf6 15.
Qh4 b4 16. Nce2 Nbd7 17. Rfe1 Nc5 18. Ng3 Ng8 19. Nh5 Bxg5 20. Qxg5 g6 21. Ng3
Qc7 22. Qd2 Rb8 23. Nf3 Rb6 24. h4 e5 25. Qe3 Bg4 26. Rd5 Rc6 27. Nh2 Be6 28.
Rd2 Nxb3 29. cxb3 Rc1 30. Rxc1 Qxc1+ 31. Nhf1 Qc6 32. Qd3 Rd8 33. Ne3 Ne7 34.
Nc4 Bxc4 35. bxc4 h5 36. b3 Qc5 37. Nf1 Nc6 38. Qd5 Qxd5 39. Rxd5 Kg7 40. Ne3
Kf6 41. c5 Ke6 42. Nc4 dxc5 43. Rxc5 Rd1+ 44. Kh2 Kd7 45. Nxe5+ Nxe5 46. Rxe5
Rd2 47. Ra5 Rxf2 48. Kg3 Rf6 49. Ra4 Rb6 50. Kf4 Kc6 51. Ra5 Kb7 52. Kg5 Kc7
53. e5 Kd7 54. Kf4 Rc6 55. Ra4 Rc2 56. g3 Rf2+ 57. Ke3 Rf5 58. Ke4 f6 59. e6+
Kxe6 60. Rxb4 Re5+ 61. Kf3 Rf5+ 62. Ke3 a5 63. Rb6+ Ke7 64. a4 1-0

[Event "BL 1415 SC Eppingen - SSC Rostock"]
[Site "?"]
[Date "2015.04.11"]
[Round "14.2"]
[White "Braun, Arik"]
[Black "Brynell, Stellan"]
[Result "1-0"]
[WhiteElo "2559"]
[BlackElo "2433"]
[PlyCount "115"]
[EventDate "2015.??.??"]

1. d4 e6 2. c4 Nf6 3. Nc3 Bb4 4. Qc2 O-O 5. a3 Bxc3+ 6. Qxc3 Ne4 7. Qc2 f5 8.
Nh3 Nc6 9. f3 Nf6 10. e3 d6 11. Bd2 e5 12. dxe5 dxe5 13. O-O-O Qe7 14. Bd3 g6
15. Nf2 a5 16. Bc3 Qc5 17. Rhe1 Be6 18. Qb3 Nd7 19. Bf1 a4 20. Qb5 Qxb5 21.
cxb5 Nd8 22. g4 Nf7 23. gxf5 gxf5 24. Bh3 Nd6 25. Rg1+ Kf7 26. Nd3 Nxb5 27.
Nxe5+ Nxe5 28. Bxe5 Rg8 29. Rg3 Rg6 30. Bf1 Ra5 31. f4 Nd6 32. Rxg6 hxg6 33.
Bxd6 cxd6 34. Rxd6 Rc5+ 35. Kd2 Bd5 36. Bd3 Bc6 37. Rd4 Ke7 38. Bc2 Ra5 39. Kc3
Rc5+ 40. Rc4 Ra5 41. Bd3 Ra8 42. e4 fxe4 43. Bxe4 Bxe4 44. Rxe4+ Kd6 45. Rb4
Kc6 46. Kd4 b5 47. f5 gxf5 48. Ke5 Re8+ 49. Kxf5 Re2 50. h4 Rh2 51. Kg5 Rg2+
52. Kf4 Kc5 53. h5 Rh2 54. Kg5 Rg2+ 55. Rg4 Rxb2 56. h6 Rh2 57. Rh4 Rg2+ 58.
Kh5 1-0

[Event "BL 1415 SC Eppingen - SSC Rostock"]
[Site "?"]
[Date "2015.04.11"]
[Round "14.3"]
[White "Szelag, Marcin"]
[Black "Breder, Dennis"]
[Result "1/2-1/2"]
[WhiteElo "2436"]
[BlackElo "2467"]
[PlyCount "74"]
[EventDate "2015.??.??"]

1. e4 c5 2. Nf3 Nc6 3. Nc3 g6 4. d4 cxd4 5. Nxd4 Bg7 6. Be3 Nf6 7. Bc4 O-O 8.
Bb3 d6 9. f3 Bd7 10. h4 Nxd4 11. Bxd4 b5 12. Qd2 a5 13. a4 bxa4 14. Nxa4 Rb8
15. Bc3 Qc7 16. Bxa5 Qa7 17. Bc3 Nh5 18. Bxg7 Kxg7 19. Kd1 Rb5 20. Ra2 Ra5 21.
Nc3 Rxa2 22. Nxa2 Rb8 23. Nc1 Ng3 24. Re1 Rb5 25. Qc3+ e5 26. Qc4 Be8 27. Nd3
Ra5 28. Kd2 Bb5 29. Qb4 Bxd3 30. Kxd3 Rb5 31. Qxd6 Qf2 32. Kc4 Rxb3 33. Qxe5+
Kh6 34. Qf4+ Kg7 35. Qe5+ Kh6 36. Qg5+ Kg7 37. Qe5+ Kh6 1/2-1/2

[Event "BL 1415 SC Eppingen - SSC Rostock"]
[Site "?"]
[Date "2015.04.11"]
[Round "14.4"]
[White "Mann, Christian  Dr"]
[Black "Rudolf, Henrik"]
[Result "0-1"]
[WhiteElo "2438"]
[BlackElo "2329"]
[PlyCount "58"]
[EventDate "2015.??.??"]

1. g3 Nf6 2. Bg2 g6 3. e4 d6 4. d4 Bg7 5. Ne2 O-O 6. O-O e5 7. Nbc3 exd4 8.
Nxd4 Bd7 9. h3 Nc6 10. Nde2 Re8 11. Be3 b5 12. Nxb5 Nxe4 13. Nbd4 Na5 14. Qd3
c5 15. Bxe4 c4 16. Qa3 Rxe4 17. Kh2 Nb7 18. Rad1 Re5 19. Bf4 Ra5 20. Qf3 Qc8
21. g4 h5 22. Rg1 hxg4 23. hxg4 Qc7 24. Nc3 Re8 25. Nd5 Qc5 26. Nf5 gxf5 27.
gxf5 Bxf5 28. Be3 Rxe3 29. fxe3 Bg6 0-1

[Event "BL 1415 SC Eppingen - SSC Rostock"]
[Site "?"]
[Date "2015.04.11"]
[Round "14.5"]
[White "Gruenberg, Hans-Ulrich"]
[Black "Noe, Christopher"]
[Result "0-1"]
[WhiteElo "2379"]
[BlackElo "2368"]
[PlyCount "90"]
[EventDate "2015.??.??"]

1. d4 Nf6 2. c4 g6 3. Nc3 Bg7 4. e4 d6 5. Nf3 O-O 6. Be2 e5 7. Be3 Nc6 8. d5
Ne7 9. Nd2 Ne8 10. c5 f5 11. f3 Kh8 12. Nc4 Ng8 13. O-O f4 14. Bf2 g5 15. cxd6
Nxd6 16. Rc1 Nxc4 17. Bxc4 Rf6 18. Be2 a6 19. Na4 Bf8 20. Nc5 Bd6 21. Qb3 b6
22. Ne6 Qe7 23. Rfd1 Bxe6 24. dxe6 Rxe6 25. Qd5 Qe8 26. Qb7 a5 27. Bb5 Qf8 28.
a3 Rb8 29. Qd5 Rg6 30. Qd3 Rd8 31. h3 h5 32. Kf1 Nf6 33. Ke2 Qe7 34. Rc3 Kg7
35. Qc2 g4 36. hxg4 hxg4 37. Rcd3 gxf3+ 38. gxf3 Rh8 39. Rg1 Rxg1 40. Bxg1 Rh1
41. Rd1 Qe6 42. Bf2 Rh2 43. Rg1+ Kh6 44. Qc1 Qb3 45. Bc4 Qe3+ 0-1

[Event "BL 1415 SC Eppingen - SSC Rostock"]
[Site "?"]
[Date "2015.04.11"]
[Round "14.6"]
[White "Reimold, Jonas"]
[Black "Tomczak, Rafal"]
[Result "1/2-1/2"]
[WhiteElo "2032"]
[BlackElo "2358"]
[PlyCount "63"]
[EventDate "2015.??.??"]

1. e4 c5 2. c3 e5 3. Bc4 Nc6 4. Nf3 Qf6 5. d3 h6 6. O-O d6 7. Ne1 g5 8. Nc2
Nge7 9. Ne3 Bd7 10. a3 Bg7 11. b4 O-O 12. Nd2 Kh8 13. Bb2 Qg6 14. g4 Be6 15.
Nf5 d5 16. b5 dxc4 17. bxc6 Nxc6 18. Nxc4 Rfd8 19. Qe2 Bf6 20. Nce3 Rd7 21. c4
Nd4 22. Bxd4 exd4 23. Nd5 Be5 24. Kg2 Re8 25. Rh1 f6 26. Qf3 Rh7 27. Rab1 Qf7
28. h3 h5 29. Ng3 h4 30. Nf5 Qd7 31. Rb5 Qc6 32. Rhb1 1/2-1/2

[Event "BL 1415 SC Eppingen - SSC Rostock"]
[Site "?"]
[Date "2015.04.11"]
[Round "14.7"]
[White "Jaster, Robert Dr"]
[Black "Hahn, Cedric"]
[Result "1-0"]
[WhiteElo "2286"]
[BlackElo "1959"]
[PlyCount "71"]
[EventDate "2015.??.??"]

1. d4 Nf6 2. c4 g6 3. Nc3 Bg7 4. e4 d6 5. Be2 O-O 6. f4 c5 7. Nf3 Bg4 8. Be3
Bxf3 9. Bxf3 Nbd7 10. dxc5 Nxc5 11. O-O Rc8 12. Rc1 b6 13. g4 Nfd7 14. Kh1 Nb8
15. b4 Nca6 16. Qb3 Nc6 17. a3 Nab8 18. Rcd1 Nd7 19. Rd2 Re8 20. Rfd1 Ncb8 21.
Nd5 e5 22. f5 Nc6 23. g5 f6 24. gxf6 Nxf6 25. Nxf6+ Qxf6 26. c5+ Qf7 27. Qxf7+
Kxf7 28. fxg6+ hxg6 29. cxd6 Red8 30. Bg4 Ra8 31. Bg5 Rf8 32. Rf2+ Kg8 33. Be6+
Kh7 34. Rxf8 Rxf8 35. Rd3 Nd8 36. Rh3+ 1-0

[Event "BL 1415 SC Eppingen - SSC Rostock"]
[Site "?"]
[Date "2015.04.11"]
[Round "14.8"]
[White "Bay, Nicolai"]
[Black "Jeske, Eckhard"]
[Result "1-0"]
[WhiteElo "1969"]
[BlackElo "2170"]
[PlyCount "95"]
[EventDate "2015.??.??"]

1. e4 c6 2. d4 d5 3. exd5 Qxd5 4. Nc3 Qa5 5. Nf3 Bf5 6. Bc4 Nf6 7. Bd2 Qc7 8.
O-O e6 9. Ne2 Bd6 10. Ng3 Bg4 11. c3 Nbd7 12. h3 Bxf3 13. Qxf3 h6 14. Rfe1
O-O-O 15. b4 g5 16. Ne4 Nxe4 17. Rxe4 Nb6 18. Bf1 Nd5 19. a4 Rde8 20. b5 f5 21.
Ree1 Nf6 22. bxc6 Qxc6 23. Qxc6+ bxc6 24. Rab1 Rh7 25. Ba6+ Kd8 26. c4 Bc7 27.
Rb7 Bb6 28. c5 Bc7 29. Kf1 Rd7 30. Rxa7 Ne4 31. Be3 Ba5 32. Rxd7+ Kxd7 33. Rb1
Ke7 34. Rb7+ Kf6 35. Bd3 Nc3 36. Ra7 Bb4 37. Rc7 Nxa4 38. Rxc6 f4 39. Bc1 Rd8
40. Bc2 Nc3 41. Bb3 Rxd4 42. Rxe6+ Kg7 43. c6 Rd8 44. c7 Rc8 45. Rc6 Nb5 46.
Bb2+ Kf8 47. Rb6 Ba3 48. Bxa3+ 1-0

[Event "BL 1415 Schwäbisch Hall - SF Katernber"]
[Site "?"]
[Date "2015.04.11"]
[Round "14.3"]
[White "Bok, Benjamin"]
[Black "Gharamian, Tigran"]
[Result "1/2-1/2"]
[WhiteElo "2559"]
[BlackElo "2645"]
[PlyCount "48"]
[EventDate "2015.??.??"]

1. e4 g6 2. d4 Bg7 3. Nf3 d6 4. c3 Nf6 5. Bd3 O-O 6. O-O Nbd7 7. Re1 e5 8. Be3
d5 9. Nbd2 exd4 10. Bxd4 c5 11. Be3 Qc7 12. Bg5 b6 13. Bh4 dxe4 14. Nxe4 Bb7
15. Bg3 Qd8 16. Nd6 Bd5 17. Ba6 Nb8 18. Bc4 Bxc4 19. Nxc4 Qxd1 20. Raxd1 Nc6
21. Rd6 Rac8 22. a4 Rfe8 23. Rxe8+ Nxe8 24. Rd7 Rd8 1/2-1/2

[Event "BL 1415 Schwäbisch Hall - SF Katernber"]
[Site "?"]
[Date "2015.04.11"]
[Round "14.4"]
[White "Cornette, Matthieu"]
[Black "Zaragatski, Ilja"]
[Result "1-0"]
[WhiteElo "2588"]
[BlackElo "2460"]
[PlyCount "69"]
[EventDate "2015.??.??"]

1. e4 e6 2. d4 d5 3. Nc3 Nc6 4. Nf3 Nf6 5. Bd3 Nb4 6. Bg5 Nxd3+ 7. Qxd3 dxe4 8.
Nxe4 Be7 9. Nxf6+ Bxf6 10. Bxf6 Qxf6 11. Qb5+ c6 12. Qc5 Qe7 13. O-O-O Bd7 14.
Rd3 b6 15. Qh5 O-O-O 16. Re1 Kb7 17. Qe5 f6 18. Qe4 Qd6 19. h4 Qd5 20. Qe2 Bc8
21. Ra3 Kb8 22. c4 Qf5 23. Qe3 Qg4 24. Ne5 fxe5 25. Qxe5+ Kb7 26. Rxa7+ Kxa7
27. Qc7+ Ka6 28. Re3 Qh5 29. Ra3+ Qa5 30. c5 Kb5 31. Rxa5+ bxa5 32. b3 Kb4 33.
Kb2 Ba6 34. Qb6+ Bb5 35. a3# 1-0

[Event "BL 1415 Schwäbisch Hall - SF Katernber"]
[Site "?"]
[Date "2015.04.11"]
[Round "14.5"]
[White "Trent, Lawrence"]
[Black "Wirig, Anthony"]
[Result "0-1"]
[WhiteElo "2476"]
[BlackElo "2490"]
[PlyCount "78"]
[EventDate "2015.??.??"]

1. e4 c5 2. Nf3 e6 3. d4 cxd4 4. Nxd4 a6 5. Nc3 Qc7 6. Qf3 Bd6 7. Be3 Be5 8.
O-O-O Nc6 9. Nxc6 bxc6 10. Bd4 Bxd4 11. Rxd4 Rb8 12. Qg3 Qxg3 13. hxg3 d5 14.
Ra4 Rb6 15. Ra5 Nf6 16. Na4 Rb8 17. exd5 cxd5 18. Bxa6 Bxa6 19. Rxa6 Ne4 20.
Rf1 h5 21. Ra7 Rh6 22. Nc3 Nxc3 23. bxc3 h4 24. gxh4 Rxh4 25. g3 Rh2 26. a4 g5
27. a5 Rb5 28. Kd2 Kf8 29. a6 Ra5 30. Ke3 Ra3 31. Kd4 Kg7 32. Kd3 Rh8 33. Rb1
Rh2 34. Ke2 Rxc3 35. Rb2 g4 36. Ra2 Rf3 37. Rb7 d4 38. a7 d3+ 39. Kd2 Rhxf2+
0-1

[Event "BL 1415 Schwäbisch Hall - SF Katernber"]
[Site "?"]
[Date "2015.04.11"]
[Round "14.6"]
[White "Womacka, Mathias"]
[Black "Siebrecht, Sebastian"]
[Result "1-0"]
[WhiteElo "2442"]
[BlackElo "2455"]
[PlyCount "125"]
[EventDate "2015.??.??"]

1. e4 c5 2. Nf3 e6 3. d4 cxd4 4. Nxd4 a6 5. Bd3 Bc5 6. Nb3 Be7 7. Qg4 Bf6 8.
O-O Nc6 9. Nc3 b5 10. Qg3 Nge7 11. Bf4 e5 12. Bd2 d6 13. a4 b4 14. Nd5 Nxd5 15.
exd5 Ne7 16. Bxb4 Nxd5 17. Ba5 Nb6 18. Nd2 Be6 19. Ne4 Rb8 20. Bxa6 O-O 21.
Nxf6+ Qxf6 22. b3 Nd5 23. Bd2 Nb4 24. Bxb4 Rxb4 25. c4 d5 26. Qc3 Rbb8 27. cxd5
Bxd5 28. Bb5 Rfc8 29. Qd3 Rd8 30. Qg3 h5 31. Rfe1 e4 32. Rad1 Rbc8 33. Qe3 Qe6
34. Rd4 Rd6 35. Red1 Rcd8 36. h3 Bb7 37. Bc4 Qe5 38. Rxd6 Rxd6 39. Rxd6 Qxd6
40. h4 Qd1+ 41. Kh2 Bd5 42. Bxd5 Qxd5 43. g3 g6 44. b4 Qc4 45. Qc5 Qa2 46. a5
Kh7 47. Kg2 Qa3 48. Qd5 f5 49. Qb7+ Kh6 50. a6 Qf3+ 51. Kg1 Qd1+ 52. Kh2 Qd2
53. Qb6 f4 54. Qc5 fxg3+ 55. Kxg3 Qd7 56. Qe3+ Kh7 57. a7 Qg4+ 58. Kh2 Qxh4+
59. Kg2 Qg4+ 60. Qg3 Qc8 61. Qf4 Qc6 62. Qf7+ Kh6 63. Qf8+ 1-0

[Event "BL 1415 Schwäbisch Hall - SF Katernber"]
[Site "?"]
[Date "2015.04.11"]
[Round "14.7"]
[White "Scholz, Christian Dr"]
[Black "Raykhman, Alexander"]
[Result "1-0"]
[WhiteElo "2364"]
[BlackElo "2416"]
[PlyCount "111"]
[EventDate "2015.??.??"]

1. d4 Nf6 2. c4 g6 3. Nc3 Bg7 4. e4 d6 5. Nf3 O-O 6. Be2 e5 7. d5 a5 8. Bg5 h6
9. Bh4 Na6 10. Nd2 Qe8 11. a3 Bd7 12. b3 Nh7 13. O-O h5 14. f3 Bh6 15. Rb1 Be3+
16. Kh1 Bc5 17. Qc1 f5 18. exf5 gxf5 19. f4 exf4 20. Bf3 Nf6 21. Re1 Be3 22.
Qc2 Ng4 23. Nf1 Qg6 24. h3 Rae8 25. b4 axb4 26. axb4 Qh6 27. Nd1 Ne5 28. Nfxe3
fxe3 29. Rxe3 f4 30. Re1 Nxf3 31. gxf3 Rxe1+ 32. Bxe1 Bf5 33. Qg2+ Kh7 34. Rc1
Rg8 35. Qh2 Bd3 36. Bd2 Rg3 37. Qxg3 fxg3 38. Bxh6 Kxh6 39. b5 Nc5 40. h4 Be2
41. Ne3 Nd3 42. Rc3 Bxf3+ 43. Kg1 Be4 44. Nf1 g2 45. Ng3 Bg6 46. Kxg2 b6 47.
Ne2 Ne5 48. Nf4 Bf5 49. Kg3 Bg4 50. Ra3 Nxc4 51. Rc3 Nb2 52. Rxc7 Nd1 53. Rc6
Kg7 54. Rxd6 Ne3 55. Rxb6 Nf5+ 56. Kf2 1-0

[Event "BL 1415 Schwäbisch Hall - SF Katernber"]
[Site "?"]
[Date "2015.04.11"]
[Round "14.8"]
[White "Pogan, Nikolas"]
[Black "Heinz, Timothee"]
[Result "0-1"]
[WhiteElo "2298"]
[BlackElo "2343"]
[PlyCount "88"]
[EventDate "2015.??.??"]

1. d4 Nf6 2. Nf3 e6 3. Bg5 c5 4. c3 b6 5. e3 Bb7 6. Nbd2 cxd4 7. exd4 d6 8. Bd3
Nbd7 9. O-O Be7 10. Qe2 O-O 11. a4 a6 12. Rfe1 h6 13. Bh4 Nh5 14. Bg3 Ndf6 15.
Nh4 Qc7 16. Ng6 fxg6 17. Qxe6+ Rf7 18. Bxg6 Raf8 19. Qc4 Qd7 20. Re2 b5 21.
axb5 axb5 22. Qb3 Bd8 23. Rae1 Bd5 24. Bxf7+ Bxf7 25. Qa3 Nxg3 26. hxg3 Bd5 27.
b3 Qc6 28. c4 bxc4 29. bxc4 Bf7 30. d5 Qd7 31. Qb4 Ng4 32. Nf3 Bf6 33. Rd1 Rc8
34. Nd4 Ne5 35. Rc2 Bg6 36. Rc3 Qg4 37. f3 Qxg3 38. Ne2 Qh4 39. Qxd6 Rxc4 40.
Rxc4 Qxc4 41. Nd4 Qa4 42. Qb8+ Kh7 43. Rd2 Qa1+ 44. Kh2 Nc4 0-1

[Event "BL 1415 Bayern München - Hansa Dortmun"]
[Site "?"]
[Date "2015.04.11"]
[Round "14.1"]
[White "Donchenko, Alexander"]
[Black "Bischoff, Klaus"]
[Result "1-0"]
[WhiteElo "2567"]
[BlackElo "2490"]
[PlyCount "57"]
[EventDate "2015.??.??"]

1. d4 Nf6 2. c4 e6 3. Nf3 Bb4+ 4. Bd2 a5 5. a3 Bxd2+ 6. Qxd2 b6 7. Nc3 Bb7 8.
Qc2 Bxf3 9. gxf3 c5 10. d5 exd5 11. cxd5 O-O 12. e3 d6 13. f4 Na6 14. Rg1 Nc7
15. O-O-O a4 16. Rg5 Ra5 17. Bd3 h6 18. Rg3 Kh8 19. Qe2 c4 20. Bc2 Ncxd5 21.
Nxd5 Nxd5 22. Qxc4 Nf6 23. Kb1 d5 24. Qd4 b5 25. e4 Ra8 26. e5 Ne4 27. Rg2 Qh4
28. f3 Qh3 29. Rgg1 1-0

[Event "BL 1415 Bayern München - Hansa Dortmun"]
[Site "?"]
[Date "2015.04.11"]
[Round "14.2"]
[White "Schenk, Andreas"]
[Black "Anton Guijarro, David"]
[Result "1/2-1/2"]
[WhiteElo "2484"]
[BlackElo "2620"]
[PlyCount "86"]
[EventDate "2015.??.??"]

1. d4 f5 2. Nc3 Nf6 3. Bg5 d5 4. f3 c5 5. e4 Nc6 6. Bxf6 exf6 7. exd5 Nxd4 8.
Qd2 Bd6 9. Nb5 Nxb5 10. Bxb5+ Kf7 11. Ne2 a6 12. Bd3 Qc7 13. c4 Re8 14. g3 b5
15. O-O Bd7 16. Rac1 Qb6 17. Rfe1 bxc4 18. Bxc4 Qb4 19. Red1 a5 20. Nf4 Rab8
21. Nd3 Qxd2 22. Rxd2 g5 23. Kf2 f4 24. g4 h5 25. h3 hxg4 26. hxg4 Rh8 27. Kg2
Rh4 28. Rh1 Rxh1 29. Kxh1 f5 30. gxf5 Bxf5 31. Kg2 Kf6 32. Nf2 Re8 33. Be2 Re3
34. Nd1 Re8 35. Nf2 Be5 36. Ng4+ Bxg4 37. fxg4 Bd4 38. Bf3 Ke5 39. b3 Rh8 40.
Rd1 Kd6 41. Rh1 Rxh1 42. Kxh1 Bf6 43. a4 Ke5 1/2-1/2

[Event "BL 1415 Bayern München - Hansa Dortmun"]
[Site "?"]
[Date "2015.04.11"]
[Round "14.3"]
[White "Henrichs, Thomas"]
[Black "Fedorovsky, Michael"]
[Result "1-0"]
[WhiteElo "2469"]
[BlackElo "2448"]
[PlyCount "59"]
[EventDate "2015.??.??"]

1. d4 Nf6 2. c4 e6 3. Nf3 d5 4. Nc3 Be7 5. Bf4 O-O 6. e3 Nbd7 7. c5 Ne4 8. Rc1
f5 9. Bd3 g5 10. Bg3 Nxc3 11. Rxc3 f4 12. exf4 gxf4 13. Ne5 Nxe5 14. Bxh7+ Kxh7
15. Qh5+ Kg8 16. dxe5 Rf5 17. Qg6+ Kf8 18. Bxf4 Rxf4 19. Rh3 Bf6 20. Qh6+ Bg7
21. Qxf4+ Kg8 22. Rg3 Bd7 23. h4 Qe7 24. h5 Rf8 25. Qg4 Kh8 26. h6 Bxe5 27.
Qg7+ Bxg7 28. hxg7+ Kg8 29. Rh8+ Kf7 30. gxf8=Q+ 1-0

[Event "BL 1415 Bayern München - Hansa Dortmun"]
[Site "?"]
[Date "2015.04.11"]
[Round "14.4"]
[White "Meister, Peter"]
[Black "Tari, Aryan"]
[Result "0-1"]
[WhiteElo "2397"]
[BlackElo "2513"]
[PlyCount "92"]
[EventDate "2015.??.??"]

1. d4 Nf6 2. c4 e6 3. Nf3 d5 4. Nc3 Bb4 5. Bg5 h6 6. Bxf6 Qxf6 7. cxd5 exd5 8.
Qa4+ Nc6 9. Rc1 O-O 10. e3 Qg6 11. Qd1 Rd8 12. a3 Bf8 13. h3 Be6 14. Bd3 Qf6
15. O-O a6 16. Na4 Bd6 17. Nc5 Bc8 18. Bb1 b6 19. Nd3 Ne7 20. b4 a5 21. Nfe5
Bf5 22. Qb3 Be4 23. Ng4 Qh4 24. f3 Bf5 25. Nde5 h5 26. Nf2 Bxb1 27. Qxb1 c5 28.
bxc5 bxc5 29. Qa1 f6 30. Ned3 c4 31. Nc5 Nf5 32. Rfe1 Re8 33. Qc3 Qg5 34. f4
Qg6 35. e4 Nh4 36. g4 Bxf4 37. Rcd1 Qg5 38. Kf1 Bd6 39. Nb7 Bc7 40. Nc5 Qf4 41.
exd5 Qh2 42. Re4 Bg3 43. Qe3 Rxe4 44. Ncxe4 Bxf2 45. Nxf2 Qg2+ 46. Ke2 Kf8 0-1

[Event "BL 1415 Bayern München - Hansa Dortmun"]
[Site "?"]
[Date "2015.04.11"]
[Round "14.5"]
[White "Wegener, Olaf"]
[Black "Stangl, Markus"]
[Result "1-0"]
[WhiteElo "2438"]
[BlackElo "2439"]
[PlyCount "131"]
[EventDate "2015.??.??"]

1. e4 c5 2. Nf3 e6 3. d4 cxd4 4. Nxd4 a6 5. Bd3 Nf6 6. O-O d6 7. c4 g6 8. Nc3
Bg7 9. Nf3 Nc6 10. Bf4 Ng4 11. Rc1 Nge5 12. Be2 O-O 13. Qd2 f5 14. exf5 Nxf3+
15. Bxf3 Nd4 16. Bd1 gxf5 17. Ne2 Qb6 18. b3 Bd7 19. Be3 e5 20. Nxd4 exd4 21.
Bh6 Bc6 22. Qg5 Qc7 23. Bh5 Rf6 24. Bxg7 Qxg7 25. Qxg7+ Kxg7 26. Rfd1 Rh6 27.
Be2 Re8 28. Bf1 Re4 29. Rd2 Rg4 30. g3 Re6 31. f4 Kf6 32. Rxd4 Rg8 33. Kf2 Ke7
34. Re1 Rxe1 35. Kxe1 a5 36. a3 Ra8 37. Kf2 Rb8 38. Ke3 Ke6 39. Bd3 Rg8 40. Be2
Ke7 41. Rd2 Rb8 42. Kd4 Rd8 43. Bd3 Kf6 44. Re2 Rc8 45. b4 axb4 46. axb4 Ra8
47. c5 dxc5+ 48. Kxc5 Rc8 49. Kb6 Rd8 50. Re3 Bg2 51. b5 Rd4 52. Be2 Rd6+ 53.
Kc7 Rd5 54. Rc3 Ke7 55. b6 Rd7+ 56. Kb8 Kd6 57. Bf3 Bxf3 58. Rxf3 Kc5 59. Ka7
Rd6 60. Rc3+ Kb5 61. Rc7 Rxb6 62. Rxb7 Rxb7+ 63. Kxb7 Kc5 64. Kc7 Kd5 65. Kd7
Ke4 66. Ke6 1-0